[Event "RUS-chT Rapid"]
[Site "Sochi"]
[Date "2021.10.16"]
[Round "8.5"]
[White "Vetokhin, Savva"]
[Black "Erastov, Semen"]
[Result "1-0"]
[WhiteElo "2339"]
[BlackElo "2039"]
[PlyCount "119"]
[EventDate "2021.10.15"]
[EventType "team-swiss (rapid)"]
[EventRounds "9"]
[EventCountry "RUS"]
[SourceTitle "CBM 204 Extra"]
[Source "ChessBase"]
[SourceDate "2021.11.30"]
[SourceVersion "1"]
[SourceVersionDate "2021.11.30"]
[SourceQuality "1"]
[WhiteTeam "Moscow Molodezhka"]
[BlackTeam "Nizhegorodsk Region"]
[WhiteTeamCountry "RUS"]
[BlackTeamCountry "RUS"]

1. Nf3 d5 2. g3 Nf6 3. Bg2 Bf5 4. c4 e6 5. Qb3 Nc6 6. cxd5 exd5 7. 0-0 Be7 8. d3 0-0 9. Bf4 Rb8 10. Nc3 d4 11. Nb5 Nd5 12. Be5 Nxe5 13. Nxe5 Nb6 14. Na3 Be6 15. Nac4 Bf6 16. Qc2 Nxc4 17. Nxc4 Bxc4 18. Qxc4 Re8 19. Be4 c6 20. Rfc1 Qa5 21. a4 a6 22. b4 Qh5 23. Bf3 Qe5 24. Rab1 Be7 25. b5 axb5 26. axb5 c5 27. Ra1 Qd6 28. Rcb1 Qb6 29. Bd5 Rf8 30. Ra2 Bd6 31. Rba1 g6 32. Ra7 Kg7 33. Qa4 Rfe8 34. Kf1 Re7 35. Qa5 Qxa5 36. R1xa5 b6 37. Rxe7 Bxe7 38. Ra7 Kf6 39. Kg2 Rd8 40. Bc4 Rb8 41. Kf3 Rd8 42. Rb7 Rd6 43. h3 h6 44. Kg2 g5 45. Kf3 Bd8 46. Rxf7+ Kg6 47. Rb7 Rf6+ 48. Kg2 Rd6 49. Bf7+ Kf6 50. Bc4 Kg6 51. e4 dxe3 52. fxe3 Bf6 53. e4 Bd4 54. Bd5 Bf6 55. Kf3 Be5 56. g4 Rf6+ 57. Ke2 Bd4 58. Bc6 Rf2+ 59. Ke1 Rf3 60. Be8+ 1-0

[Event "RUS-chT Blitz"]
[Site "Sochi"]
[Date "2021.10.14"]
[Round "1.1"]
[White "Popov, Ivan1111"]
[Black "Erastov, Semen"]
[Result "1-0"]
[WhiteElo "2629"]
[BlackElo "2039"]
[PlyCount "65"]
[EventDate "2021.10.14"]
[EventType "team-swiss (blitz)"]
[EventRounds "13"]
[EventCountry "RUS"]
[SourceTitle "CBM 204 Extra"]
[Source "ChessBase"]
[SourceDate "2021.11.30"]
[SourceVersion "1"]
[SourceVersionDate "2021.11.30"]
[SourceQuality "1"]
[WhiteTeam "Moscow Sbornaja"]
[BlackTeam "Nizhegorodsk Region"]
[WhiteTeamCountry "RUS"]
[BlackTeamCountry "RUS"]

1. e4 c6 2. Nc3 d5 3. Nf3 dxe4 4. Nxe4 Nd7 5. Bc4 Ngf6 6. Nxf6+ Nxf6 7. Ne5 e6 8. d4 Bd6 9. 0-0 Qc7 10. Qe2 0-0 11. Re1 c5 12. dxc5 Qxc5 13. Bd3 h6 14. Nc4 Bc7 15. Be3 Qe7 16. Qf3 Nd5 17. Bd2 Qh4 18. g3 Qf6 19. Qxf6 Nxf6 20. Rad1 b6 21. Bb4 Rd8 22. Be7 Re8 23. Bxf6 gxf6 24. Be4 Rb8 25. Nd6 Bxd6 26. Rxd6 Kf8 27. Bc6 Re7 28. Rd8+ Kg7 29. c3 Rc7 30. Bf3 Rd7 31. Rd1 Rxd1+ 32. Bxd1 f5 33. Ba4 1-0

[Event "RUS-ch Blitz"]
[Site "Sochi"]
[Date "2021.10.11"]
[Round "1"]
[White "Erastov, Semen"]
[Black "Demidov, Mikhail"]
[Result "0-1"]
[WhiteElo "2039"]
[BlackElo "2551"]
[PlyCount "142"]
[EventDate "2021.10.11"]
[EventType "swiss (blitz)"]
[EventRounds "13"]
[EventCountry "RUS"]
[SourceTitle "CBM 204 Extra"]
[Source "ChessBase"]
[SourceDate "2021.11.30"]
[SourceVersion "1"]
[SourceVersionDate "2021.11.30"]
[SourceQuality "1"]

1. d4 g6 2. Nf3 Bg7 3. c4 d6 4. Nc3 Bg4 5. g3 Nc6 6. Bg2 Nf6 7. 0-0 0-0 8. d5 Nb8 9. e4 c6 10. h3 Bxf3 11. Bxf3 Nfd7 12. Be3 a5 13. Bd4 Na6 14. Bxg7 Kxg7 15. a3 Qb6 16. Na4 Qc7 17. Rb1 Rfc8 18. Be2 Kg8 19. Qd4 Nac5 20. Nxc5 Nxc5 21. b4 axb4 22. axb4 Nd7 23. Rfc1 c5 24. Qb2 cxb4 25. Bg4 Ra4 26. Qc2 b5 27. Bxd7 Qxd7 28. Qb3 bxc4 29. Rxc4 Rxc4 30. Qxc4 b3 31. Qd3 Rb4 32. Rxb3 Rxb3 33. Qxb3 Qxh3 34. Qb7 Kf8 35. Qb8+ Kg7 36. Qb7 e6 37. dxe6 Qxe6 38. Qb2+ Qe5 39. Qc2 h5 40. Kg2 Qf6 41. Qd3 Qe6 42. Qd4+ Kg8 43. Qb4 Qe7 44. Qb8+ Kh7 45. Qb4 Qe6 46. Qd4 Qe5 47. Qc4 Kg7 48. Qd3 Kf8 49. Qc4 Kg8 50. Qc8+ Kg7 51. Qc4 Qf6 52. Qd5 Qe6 53. Qd4+ Qe5 54. Qc4 Qc5 55. Qd3 Kf6 56. Qf3+ Ke7 57. Qd3 Qg5 58. Qd4 h4 59. Qa7+ Ke6 60. Qa2+ Kf6 61. Qb2+ Qe5 62. Qe2 hxg3 63. fxg3 Kg7 64. Qd3 Kf6 65. Kf3 Ke7 66. Qc4 Qc5 67. Qa4 Qc3+ 68. Kf4 Kf6 69. Kg4 Qd3 70. Qb4 Qe2+ 71. Kf4 g5# 0-1

[Event "Moscow op-A 16th"]
[Site "Moscow"]
[Date "2020.01.31"]
[Round "7"]
[White "Erastov, Semen"]
[Black "Uskov, Artem"]
[Result "0-1"]
[WhiteElo "2083"]
[BlackElo "1951"]
[PlyCount "94"]
[EventDate "2020.01.25"]
[EventType "swiss"]
[EventRounds "9"]
[EventCountry "RUS"]
[SourceTitle "CBM 194 Extra"]
[Source "ChessBase"]
[SourceDate "2020.03.31"]
[SourceVersion "1"]
[SourceVersionDate "2020.03.31"]
[SourceQuality "1"]

1. d4 d5 2. c4 e6 3. Nc3 c6 4. e4 dxe4 5. Nxe4 Bb4+ 6. Bd2 Qxd4 7. Bxb4 Qxe4+ 8. Be2 Na6 9. Ba5 b6 10. Qd6 e5 11. Rd1 Bf5 12. Bc3 Ne7 13. f3 Qh4+ 14. g3 Qf6 15. Bxe5 Qxd6 16. Bxd6 Rd8 17. g4 Be6 18. Nh3 Nc8 19. Bg3 Rxd1+ 20. Kxd1 Ke7 21. Ng5 Rd8+ 22. Kc1 Nc5 23. f4 h6 24. Nxe6 Nxe6 25. Re1 Nd4 26. Bh4+ f6 27. Bd1+ Kf7 28. Bf2 c5 29. g5 hxg5 30. fxg5 f5 31. Re5 g6 32. h4 Nc6 33. Re2 Nd6 34. Rd2 Kg7 35. b3 Ne4 36. Rxd8 Nxd8 37. Be3 Ne6 38. Bf3 Kf7 39. Kc2 Ke7 40. Kd3 Ng3 41. Bf2 Nh5 42. a3 Kd6 43. Ke2 Ke5 44. Be1 Nhg7 45. Bc3+ Nd4+ 46. Kd3 Nge6 47. b4 Nf4+ 0-1

[Event "Moscow op-A 16th"]
[Site "Moscow"]
[Date "2020.01.28"]
[Round "4"]
[White "Razhbadinov, Rasul"]
[Black "Erastov, Semen"]
[Result "0-1"]
[WhiteElo "1613"]
[BlackElo "2083"]
[PlyCount "152"]
[EventDate "2020.01.25"]
[EventType "swiss"]
[EventRounds "9"]
[EventCountry "RUS"]
[SourceTitle "CBM 194 Extra"]
[Source "ChessBase"]
[SourceDate "2020.03.31"]
[SourceVersion "1"]
[SourceVersionDate "2020.03.31"]
[SourceQuality "1"]

1. e4 c6 2. d4 d5 3. exd5 cxd5 4. Bd3 Nc6 5. c3 Qc7 6. Ne2 Bg4 7. 0-0 Nf6 8. Qe1 0-0-0 9. Bf4 e5 10. f3 exf4 11. fxg4 g5 12. Nd2 Kb8 13. h3 h5 14. gxh5 Rxh5 15. Ng3 Rh8 16. Qf2 g4 17. Nf5 f3 18. h4 Bd6 19. Rfe1 Bh2+ 20. Kh1 Bf4 21. Nf1 Rh5 22. g3 Bd6 23. Re3 Ne7 24. Nxd6 Qxd6 25. Rae1 Nf5 26. Re5 Ng7 27. Qe3 Re8 28. Rxe8+ Ngxe8 29. Qe7 Qxe7 30. Rxe7 Nd6 31. Re5 Nde4 32. Rxh5 Nxh5 33. Bxe4 dxe4 34. Kg1 Kc7 35. Kf2 Kd7 36. Ne3 Nf6 37. c4 Ke6 38. Nc2 Ne8 39. b3 Nd6 40. Ne3 f5 41. Nd5 Ne8 42. Nf4+ Kf7 43. Ke3 Nc7 44. d5 Ne8 45. h5 Nf6 46. d6 Nh7 47. c5 Nf6 48. b4 Nd7 49. Ng6 Kf6 50. Ne7 Kg5 51. h6 f4+ 52. gxf4+ Kxh6 53. Kxe4 f2 54. Nf5+ Kh5 55. Ng3+ Kh4 56. Nf1 Kh3 57. f5 g3 58. Kf3 g2 59. Kxf2 gxf1Q+ 60. Kxf1 Kg4 61. Ke2 Kxf5 62. Kd3 Ke6 63. Kc4 Ne5+ 64. Kb5 Kd5 65. a4 Nc4 66. a5 a6+ 67. Ka4 Ne5 68. Kb3 Kc6 69. Kc3 Kb5 70. Kb3 Nc6 71. d7 Nd8 72. Kc3 Kc6 73. Kc4 Ne6 74. b5+ axb5+ 75. Kb4 Nd8 76. Kb3 Kxd7 0-1

[Event "Moscow op-A 16th"]
[Site "Moscow"]
[Date "2020.01.26"]
[Round "2"]
[White "Sargissyan, Sargis"]
[Black "Erastov, Semen"]
[Result "1/2-1/2"]
[WhiteElo "2254"]
[BlackElo "2083"]
[PlyCount "61"]
[EventDate "2020.01.25"]
[EventType "swiss"]
[EventRounds "9"]
[EventCountry "RUS"]
[SourceTitle "CBM 194 Extra"]
[Source "ChessBase"]
[SourceDate "2020.03.31"]
[SourceVersion "1"]
[SourceVersionDate "2020.03.31"]
[SourceQuality "1"]

1. e4 c6 2. Nc3 d5 3. Nf3 dxe4 4. Nxe4 Nd7 5. Qe2 e6 6. g3 b6 7. Bg2 Bb7 8. 0-0 Ngf6 9. d4 Nxe4 10. Qxe4 Nf6 11. Qe2 Bd6 12. Ne5 Qc7 13. Nc4 0-0 14. Bg5 Be7 15. Bf4 Qd7 16. Rfd1 Nd5 17. Bd2 Ba6 18. b3 c5 19. dxc5 Bxc5 20. Qe1 Qc7 21. Ne3 Bxe3 22. fxe3 Qxc2 23. e4 Nf6 24. Rac1 Qb2 25. Bc3 Qxa2 26. Bxf6 gxf6 27. Qc3 Rac8 28. Qxf6 Rxc1 29. Qg5+ Kh8 30. Qf6+ Kg8 31. Qg5+ 1/2-1/2

[Event "Chigorin Memorial 27th"]
[Site "St Petersburg"]
[Date "2019.10.08"]
[Round "4"]
[White "Erastov, Semen"]
[Black "Avazov, Semen"]
[Result "1-0"]
[WhiteElo "1981"]
[BlackElo "1639"]
[PlyCount "89"]
[EventDate "2019.10.05"]
[EventType "swiss"]
[EventRounds "9"]
[EventCountry "RUS"]
[SourceTitle "EXT 2020"]
[Source "ChessBase"]
[SourceDate "2019.10.17"]
[SourceVersion "1"]
[SourceVersionDate "2019.10.17"]
[SourceQuality "1"]

1. d4 Nf6 2. Nf3 d5 3. c4 e6 4. g3 Bb4+ 5. Bd2 Be7 6. Bg2 0-0 7. 0-0 c6 8. Nc3 Nbd7 9. Bf4 dxc4 10. a4 a5 11. e4 Bb4 12. Qb1 b6 13. Bg5 Be7 14. Bxf6 Nxf6 15. Ne5 Qd6 16. Rd1 Ba6 17. Nxf7 Rxf7 18. e5 Qd7 19. exf6 Rxf6 20. d5 Bc5 21. dxc6 Bxf2+ 22. Kh1 Qf7 23. Ne4 Rh6 24. c7 Rf8 25. Rd8 Bb7 26. Rxf8+ Qxf8 27. Nf6+ Qxf6 28. Bxb7 Rxh2+ 29. Kxh2 Bxg3+ 30. Kxg3 Qe5+ 31. Kf3 Qh5+ 32. Ke3 Qc5+ 33. Ke2 Qh5+ 34. Bf3 Qh2+ 35. Ke3 Qh6+ 36. Kd4 Qd2+ 37. Kxc4 Qb4+ 38. Kd3 Qd6+ 39. Kc2 Qc5+ 40. Kd2 Qf2+ 41. Be2 Qd4+ 42. Qd3 Qxb2+ 43. Qc2 Qd4+ 44. Bd3 Qf4+ 45. Kd1 1-0

[Event "Chigorin Memorial 27th"]
[Site "St Petersburg"]
[Date "2019.10.07"]
[Round "3"]
[White "Trifonov, Pavel"]
[Black "Erastov, Semen"]
[Result "1-0"]
[WhiteElo "2220"]
[BlackElo "1981"]
[PlyCount "51"]
[EventDate "2019.10.05"]
[EventType "swiss"]
[EventRounds "9"]
[EventCountry "RUS"]
[SourceTitle "EXT 2020"]
[Source "ChessBase"]
[SourceDate "2019.10.17"]
[SourceVersion "1"]
[SourceVersionDate "2019.10.17"]
[SourceQuality "1"]

1. d4 d5 2. c4 e6 3. Nf3 c6 4. Qc2 Nf6 5. Bg5 Be7 6. Nbd2 Nbd7 7. g3 b6 8. Bg2 0-0 9. 0-0 Bb7 10. Rfd1 c5 11. dxc5 Nxc5 12. a3 Rc8 13. Rac1 Nce4 14. Bxf6 Nxd2 15. Ng5 Ne4 16. Bxe4 g6 17. Bxg6 Bxf6 18. Nxf7 Rxf7 19. Bxf7+ Kxf7 20. Qxh7+ Bg7 21. cxd5 Bxd5 22. e4 Rxc1 23. Rxc1 Bb7 24. Rc3 Qe7 25. Rf3+ Ke8 26. Qg6+ 1-0

[Event "St Petersburg Korchnoi Memorial op"]
[Site "St Petersburg"]
[Date "2019.08.22"]
[Round "9"]
[White "Shapiro, Viktor"]
[Black "Erastov, Semen"]
[Result "1-0"]
[WhiteElo "2249"]
[BlackElo "1969"]
[PlyCount "45"]
[EventDate "2019.08.14"]
[EventType "swiss"]
[EventRounds "9"]
[EventCountry "RUS"]
[SourceTitle "CBM 192"]
[Source "ChessBase"]
[SourceDate "2019.10.31"]
[SourceVersion "1"]
[SourceVersionDate "2019.10.31"]
[SourceQuality "1"]

1. c4 e6 2. g3 d5 3. Bg2 Nf6 4. Nf3 Be7 5. 0-0 0-0 6. d4 c6 7. Nc3 Nbd7 8. b3 b6 9. Bb2 Bb7 10. cxd5 cxd5 11. Ne5 Nxe5 12. dxe5 Nd7 13. e4 d4 14. Qxd4 Bc5 15. Qa4 Nxe5 16. Rad1 Qe7 17. Nb1 Nc6 18. e5 Rac8 19. Nd2 Nb4 20. Ne4 Nc6 21. Nf6+ Qxf6 22. Bxc6 Qf5 23. Bxb7 1-0

[Event "St Petersburg Korchnoi Memorial op"]
[Site "St Petersburg"]
[Date "2019.08.19"]
[Round "6"]
[White "Serikbay, Assel"]
[Black "Erastov, Semen"]
[Result "1/2-1/2"]
[WhiteElo "2157"]
[BlackElo "1969"]
[PlyCount "53"]
[EventDate "2019.08.14"]
[EventType "swiss"]
[EventRounds "9"]
[EventCountry "RUS"]
[SourceTitle "CBM 192"]
[Source "ChessBase"]
[SourceDate "2019.10.31"]
[SourceVersion "1"]
[SourceVersionDate "2019.10.31"]
[SourceQuality "1"]

1. d4 d5 2. Nf3 Nf6 3. c4 c6 4. g3 Bf5 5. Bg2 e6 6. 0-0 h6 7. Nc3 Be7 8. b3 0-0 9. Bb2 Nbd7 10. Rc1 a5 11. Nd2 Qb6 12. e4 dxe4 13. Ndxe4 Nxe4 14. Nxe4 Nf6 15. Nc3 Rad8 16. Na4 Qa6 17. Qe2 b5 18. cxb5 cxb5 19. Nc5 Qb6 20. Nd3 Bxd3 21. Qxd3 Nd5 22. a3 b4 23. a4 Bf6 24. Rc5 Nc3 25. Bxc3 bxc3 26. Rxc3 Rxd4 27. Rc6 1/2-1/2

[Event "St Petersburg Korchnoi Memorial op"]
[Site "St Petersburg"]
[Date "2019.08.17"]
[Round "4"]
[White "Odegov, Artem"]
[Black "Erastov, Semen"]
[Result "1-0"]
[WhiteElo "2261"]
[BlackElo "1969"]
[PlyCount "93"]
[EventDate "2019.08.14"]
[EventType "swiss"]
[EventRounds "9"]
[EventCountry "RUS"]
[SourceTitle "CBM 192"]
[Source "ChessBase"]
[SourceDate "2019.10.31"]
[SourceVersion "1"]
[SourceVersionDate "2019.10.31"]
[SourceQuality "1"]

1. d4 d5 2. c4 e6 3. Nf3 c6 4. Bg5 Be7 5. Bxe7 Qxe7 6. e3 Nf6 7. Qc2 0-0 8. Nbd2 Nbd7 9. Bd3 b6 10. 0-0 Bb7 11. Rfe1 h6 12. e4 dxe4 13. Bxe4 Nxe4 14. Nxe4 Nf6 15. Nxf6+ Qxf6 16. c5 Rfd8 17. Rad1 Rd5 18. Re5 Rad8 19. Rxd5 Rxd5 20. b4 b5 21. a4 a6 22. axb5 axb5 23. Ra1 Qd8 24. h3 f6 25. Qe4 Kf7 26. Qf4 g5 27. Qe4 Qg8 28. Ra7 Rd7 29. Nd2 Qg7 30. Nb3 f5 31. Qf3 Bc8 32. Ra8 Rc7 33. Qh5+ Qg6 34. Qe2 Qf6 35. Qa2 Qe7 36. Nd2 Kg7 37. Nf3 Bb7 38. Rb8 Rc8 39. Qa7 Rxb8 40. Qxb8 Qd7 41. Ne5 Qe7 42. g4 Kf6 43. Qh8+ Qg7 44. Nd7+ Kf7 45. Qd8 Kg6 46. Qe8+ Kh7 47. Nf8+ 1-0

[Event "St Petersburg Korchnoi Memorial op"]
[Site "St Petersburg"]
[Date "2019.08.15"]
[Round "2"]
[White "Avazov, Semen"]
[Black "Erastov, Semen"]
[Result "1/2-1/2"]
[WhiteElo "1651"]
[BlackElo "1969"]
[PlyCount "65"]
[EventDate "2019.08.14"]
[EventType "swiss"]
[EventRounds "9"]
[EventCountry "RUS"]
[SourceTitle "CBM 192"]
[Source "ChessBase"]
[SourceDate "2019.10.31"]
[SourceVersion "1"]
[SourceVersionDate "2019.10.31"]
[SourceQuality "1"]

1. e4 c6 2. d4 d5 3. exd5 cxd5 4. c4 Nf6 5. Nc3 g6 6. cxd5 Nxd5 7. Qb3 Nb6 8. d5 Bg7 9. Be3 0-0 10. Rd1 N8d7 11. Nf3 Ne5 12. Be2 Bg4 13. Bxb6 axb6 14. Nxe5 Bxe2 15. Nxe2 Bxe5 16. 0-0 Qd6 17. g3 Rfd8 18. Nc3 Ra5 19. Ne4 Qd7 20. d6 exd6 21. Rxd6 Qe7 22. Rxb6 Rd7 23. Nc3 Bd4 24. Rb5 Bxc3 25. bxc3 Rxb5 26. Qxb5 Rd2 27. a4 Qe4 28. a5 Rc2 29. Qb4 Qxb4 30. cxb4 Rb2 31. Ra1 Rxb4 32. a6 bxa6 33. Rxa6 1/2-1/2

[Event "RUS-chT U14 final"]
[Site "Sochi"]
[Date "2019.05.10"]
[Round "9.3"]
[White "Balayan, Eduard"]
[Black "Erastov, Semen"]
[Result "1/2-1/2"]
[WhiteElo "1609"]
[BlackElo "2032"]
[PlyCount "81"]
[EventDate "2019.05.01"]
[EventType "team-tourn"]
[EventRounds "9"]
[EventCountry "RUS"]
[SourceTitle "CBM 190 Extra"]
[Source "ChessBase"]
[SourceDate "2019.07.15"]
[SourceVersion "1"]
[SourceVersionDate "2019.07.15"]
[SourceQuality "1"]

1. e4 c6 2. d4 d5 3. Nd2 dxe4 4. Nxe4 Nd7 5. Nf3 Ngf6 6. Ng3 e6 7. Bd3 Bd6 8. 0-0 Qc7 9. Qe2 b6 10. Rd1 Bb7 11. c4 0-0-0 12. b3 h5 13. Bb2 h4 14. Ne4 Nxe4 15. Bxe4 Nf6 16. Bc2 c5 17. h3 Rhg8 18. dxc5 bxc5 19. Nxh4 Qc6 20. Nf3 Nh5 21. Be5 Nf4 22. Bxf4 Bxf4 23. Rxd8+ Rxd8 24. Rd1 Rxd1+ 25. Qxd1 g5 26. Qd3 f5 27. Bd1 Qa6 28. a4 Be4 29. Qc3 Qd6 30. Be2 Qc7 31. b4 g4 32. hxg4 fxg4 33. Ne1 g3 34. Nf3 gxf2+ 35. Kxf2 Bg3+ 36. Kg1 Qh7 37. Qe3 Bxf3 38. Qxc5+ Kb8 39. gxf3 Qh2+ 40. Kf1 Qh3+ 41. Kg1 1/2-1/2

[Event "RUS-chT U14 final"]
[Site "Sochi"]
[Date "2019.05.07"]
[Round "6.3"]
[White "Minachev, Maksim"]
[Black "Erastov, Semen"]
[Result "1-0"]
[WhiteElo "1999"]
[BlackElo "2032"]
[PlyCount "177"]
[EventDate "2019.05.01"]
[EventType "team-tourn"]
[EventRounds "9"]
[EventCountry "RUS"]
[SourceTitle "CBM 190 Extra"]
[Source "ChessBase"]
[SourceDate "2019.07.15"]
[SourceVersion "1"]
[SourceVersionDate "2019.07.15"]
[SourceQuality "1"]

1. e4 c6 2. Nc3 d5 3. Nf3 dxe4 4. Nxe4 Nd7 5. Qe2 e6 6. d4 Ngf6 7. Nxf6+ Nxf6 8. g3 b6 9. Bg2 Bb7 10. 0-0 Be7 11. Ne5 Qc7 12. Bf4 Bd6 13. c4 Nd7 14. b4 Bxe5 15. Bxe5 Nxe5 16. Qxe5 Qxe5 17. dxe5 0-0-0 18. Rfd1 c5 19. Bxb7+ Kxb7 20. bxc5 bxc5 21. Kf1 Kc7 22. Ke2 Rb8 23. Rd2 Rhd8 24. Rad1 Rxd2+ 25. Rxd2 Rb4 26. Kd3 Rb1 27. h4 Re1 28. Rb2 Rxe5 29. Rb1 g5 30. hxg5 Rxg5 31. a4 Rg8 32. Rh1 Rg7 33. Rh5 Kd6 34. a5 f6 35. Rh6 Rf7 36. Kc3 Ke5 37. Kd3 Kd6 38. Kc3 Ke5 39. Kd3 Kd6 40. Ke4 Ke7 41. Kd3 Kd6 42. Ke4 Ke7 43. Rh1 Kd6 44. Rh6 Ke7 45. f4 Rg7 46. g4 Rf7 47. f5 Rg7 48. Kf4 Kf7 49. Rh5 Ke7 50. fxe6 Kxe6 51. Rxc5 Kd6 52. Rd5+ Kc6 53. Rf5 Kd6 54. Kg3 Rc7 55. Rxf6+ Kc5 56. Kh4 Kxc4 57. a6 Kd5 58. Kh5 Ke5 59. Rh6 Rg7 60. g5 Kf4 61. Rf6+ Kg3 62. Kh6 Rc7 63. Rf5 Kg4 64. Rb5 Rd7 65. Rb4+ Kf5 66. Rb5+ Kg4 67. Rc5 Kf4 68. Ra5 Kg4 69. Rb5 Rc7 70. Rd5 Kf4 71. Rb5 Kg4 72. Rb7 Rc6+ 73. Kxh7 Kxg5 74. Rxa7 Rc8 75. Rf7 Rc6 76. a7 Ra6 77. Kg7 Ra1 78. Kf8 Kg6 79. Rb7 Kf6 80. Ke8 Ke6 81. Kd8 Kd6 82. Kc8 Kc6 83. Kb8 Ra2 84. a8Q Rxa8+ 85. Kxa8 Kc5 86. Ka7 Kc6 87. Ka6 Kc5 88. Rb6 Kd5 89. Kb5 1-0

[Event "Ples Grani U11"]
[Site "Ples"]
[Date "2014.05.10"]
[Round "8"]
[White "Erastov, Semen"]
[Black "Mochalin, Faddey"]
[Result "0-1"]
[WhiteElo "1624"]
[BlackElo "1566"]
[PlyCount "158"]
[EventDate "2014.05.06"]
[EventType "swiss"]
[EventRounds "8"]
[EventCountry "RUS"]
[SourceTitle "EXT 2022"]
[Source "ChessBase"]
[SourceDate "2021.10.06"]
[SourceVersion "1"]
[SourceVersionDate "2021.10.06"]
[SourceQuality "1"]

1. d4 d5 2. c4 dxc4 3. e3 a6 4. Bxc4 e6 5. Nf3 Nf6 6. 0-0 c5 7. dxc5 Bxc5 8. Qxd8+ Kxd8 9. b3 Nc6 10. Bb2 Ke7 11. Nc3 Bd7 12. Rfd1 Rhd8 13. Kf1 Rac8 14. Rac1 h6 15. h3 Be8 16. Ke1 Rxd1+ 17. Rxd1 Rd8 18. Rxd8 Nxd8 19. Bd3 Nc6 20. Ne4 Bb6 21. Nxf6 gxf6 22. Nd2 Bc7 23. Ne4 Be5 24. Bxe5 Nxe5 25. Bf1 Bc6 26. Nd2 Kd6 27. Nc4+ Nxc4 28. bxc4 Kc5 29. Kd2 Kb4 30. Kc2 Ka3 31. Kb1 Be4+ 32. Ka1 e5 33. g3 Bf5 34. c5 Kb4 35. Bg2 Bc8 36. c6 bxc6 37. Bxc6 Bxh3 38. Kb2 Be6 39. a3+ Kc4 40. Kc2 Bf5+ 41. e4 Be6 42. Bb7 a5 43. Bc6 Kd4 44. Kd2 Bc4 45. f3 Be6 46. g4 Kc5 47. Be8 Kc4 48. Kc2 Kc5 49. Kc3 Bc4 50. Kd2 Kd6 51. Ba4 Ke7 52. Ke3 Be6 53. Kd2 Kf8 54. Ke3 Kg7 55. Kf2 h5 56. gxh5 Kh6 57. Kg3 Kxh5 58. Bd1 Kg5 59. Ba4 f5 60. exf5 Bxf5 61. Bb3 Bg6 62. Bc4 f5 63. Bb3 Be8 64. Bd5 Kf6 65. Kf2 Ke7 66. Ke3 Kd6 67. Bb3 Kc5 68. Bc2 Bg6 69. Bb3 f4+ 70. Kd2 Bh5 71. Ke2 e4 72. Kf2 Bxf3 73. Bc2 Kd4 74. Ba4 Bg4 75. Bc6 e3+ 76. Ke1 f3 77. Kf1 Bh3+ 78. Kg1 f2+ 79. Kh2 f1Q 0-1